|
|
|
|
| LEADER |
00000nam0a2200000 4500 |
| 001 |
352526 |
| 005 |
20231102010515.0 |
| 035 |
|
|
|a (RuTPU)RU\TPU\retro\9182
|
| 090 |
|
|
|a 352526
|
| 100 |
|
|
|a 20200121d1928 k y0rusy50 ca
|
| 101 |
0 |
|
|a rus
|
| 102 |
|
|
|a RU
|
| 105 |
|
|
|a a z 000zy
|
| 200 |
1 |
|
|a Металлургические предприятия Башкирии
|e [оттиск статьи]
|f В. Г. Агеенков
|
| 210 |
|
|
|d 1928
|
| 215 |
|
|
|a С. 356-389
|c ил.
|
| 225 |
1 |
|
|a Минеральное сырье и его переработка
|v № 5
|
| 316 |
|
|
|5 63413507: ШкА/5124
|a На обложке дарственная надпись: "Библиотеке Сибирского Технологического Института от автора. 3.VI.1929 г. Томск"
|
| 320 |
|
|
|a Библиогр. в примеч.
|
| 606 |
1 |
|
|a Металлургическая промышленность
|2 stltpush
|3 (RuTPU)RU\TPU\subj\42721
|9 62378
|
| 610 |
1 |
|
|a коллекция ТПУ
|
| 610 |
1 |
|
|a оттиски
|
| 610 |
1 |
|
|a дарственные надписи
|
| 610 |
1 |
|
|a дары автора
|
| 610 |
1 |
|
|a дары библиотеке
|
| 610 |
1 |
|
|a исторические очерки
|
| 610 |
1 |
|
|a геологические сведения
|
| 610 |
1 |
|
|a руды
|
| 610 |
1 |
|
|a флюсы
|
| 610 |
1 |
|
|a заводы
|
| 610 |
1 |
|
|a месторождения
|
| 610 |
1 |
|
|a оборудование
|
| 610 |
1 |
|
|a металлургия
|
| 675 |
|
|
|a 669
|v 4
|
| 700 |
|
1 |
|a Агеенков
|b В. Г.
|
| 801 |
|
1 |
|a RU
|b 63413507
|c 20200121
|
| 942 |
|
|
|c BK
|